000 00436nam a2200157Ia 4500
008 220216s9999 xx 000 0 und d
100 _aBhowmick A K
245 0 _aFactors influencing the morphology and the properties of clay-rubber nanocomposites
260 _bKautschuk Gummi Kunststoffe
_c2006
300 _a437-446
650 _aNanoclay
650 _aNanocomposites
700 _aGanguly A
700 _aMaiti M
942 _cJS
999 _c59256
_d59256